000
00239nam a2200085Ia 4500
245
0
_a
How to draw cool cars
100
_a
Capsey, Steve, Essex, United kingdom, 2009
_9
86241
942
_c
BK
008
210817s9999 xx 000 0 und d
999
_c
328140
_d
328139